| 000 | 00975cam a22002411i 4500 | ||
|---|---|---|---|
| 003 | SA-RiAUC | ||
| 005 | 20260420133633.0 | ||
| 008 | 260418s1997 su a g 00000 ara c | ||
| 040 |
_aSA-RiKSU _bara _cSA-RiAUC _erda |
||
| 082 | 0 | 4 | _a252.5 |
| 090 |
_a252.5 _bف ق ي |
||
| 100 | 1 |
_aفقيه، عبد الرحمن عبد القادر _eمؤلف. |
|
| 245 | 1 | 2 |
_aالحج والعمرة كمقوم من مقومات التنمية الاقتصادية / _cعبد الرحمن عبد القادر فقيه. |
| 250 | _aالطبعة الأولى. | ||
| 264 | 1 |
_aمكة المكرمة : _bمركز فقيه للأبحاث والتطوير، _c1997 |
|
| 300 |
_a81 صفحة : _bإيضاحيات ؛ _c29 سم |
||
| 336 |
_aنص _btxt _2rdacontent _3كتاب |
||
| 337 |
_aبدون وسيط _bn _2rdamedia |
||
| 338 |
_aمجلد _bnc _2rdacarrier |
||
| 650 | 7 |
_aالحج _xجوانب اقتصادية _2aucsh |
|
| 942 |
_2ddc _cBOOK _n0 |
||
| 949 |
_aSA-JeALM _d260418 _umohamedma123 _n1 |
||
| 999 |
_c14872 _d14872 |
||